| 000 | 01155cam a2200301 a 4500 | ||
|---|---|---|---|
| 001 | 000002878 | ||
| 005 | 20200929150257.0 | ||
| 008 | 780323s1967 mx f000 | spa d | ||
| 040 |
_aDO-SdBNP _bspa _cDLC _dBNPHU |
||
| 082 |
_a808.7 _bC749q |
||
| 111 | 2 |
_aCongreso Latinoamericano de Escritores _n(2 : _d1967 : _cMexico) _99141 |
|
| 245 | 1 | 0 |
_aCuestiones y quehaceres literarios en el II Congreso Latinoamericano Escritores / _cintroducción de Marco Antonio Millán. |
| 260 |
_aMéxico, D. F. : _bSubsecretaria de Asuntos Culturales, _c1967. |
||
| 300 |
_av. ; _c16 cm. |
||
| 490 | 1 |
_aCuadernos de Lectura Popular _v82 |
|
| 490 | 1 | _aEl Despertador Americano | |
| 500 | _aIncluye notas al pie de las, páginas | ||
| 504 | _aIncluye referencias bibliográficas | ||
| 500 | _aLa biblioteca posee el volumen 2 | ||
| 650 | 4 |
_aAutores latinoamericanos _xBiografía _xCongresos _99142 |
|
| 650 | 4 |
_aRetórica _96217 |
|
| 650 | 4 |
_aLenguaje y lengua _99143 |
|
| 650 | 4 |
_aRetórica _xOratoria _99144 |
|
| 830 | 0 |
_aCuadernos de Lectura Popular _v82 _99145 |
|
| 830 | 3 |
_aEl Despertador Americano _99146 |
|
| 910 | _aCatalogación por copia / LC | ||
| 049 | _aBNGR | ||
| 999 |
_c2712 _d2712 |
||